| 000 | 00739cam a2200193 4500 | ||
|---|---|---|---|
| 001 | WB3525-27 | ||
| 008 | 000000n1999 000 0 eng u | ||
| 035 | _a(Sirsi) u102474 | ||
| 245 | _aRoad toll trials. | ||
| 260 | _c1999 | ||
| 490 |
_aYorkshire Post _v28 June 1999, 1 & 3 |
||
| 490 |
_aFinancial Times _v29 June 1999, 10(3) |
||
| 520 | _aEdinburgh and Leeds are to be the first 2 cities to try out the controversial new electronic road tolling equipment. Vehicles will carry smart cards that trigger electronic road-side toll gates as they pass. Charges are not expected to be introduced before 2005. | ||
| 650 | _aROAD TOLLS | ||
| 650 | _aEDINBURGH | ||
| 650 | _aLEEDS | ||
| 690 | _aTRANSPORT AND COMMUNICATIONS | ||
| 942 | _n0 | ||
| 999 |
_c61486 _d61486 |
||